| 000 | 005550000a22001810004500 | ||
|---|---|---|---|
| 003 | LK-CoMWRAF | ||
| 005 | 20230828160745.0 | ||
| 008 | 230817t1981 ||||| |||| 00| 0 eng d | ||
| 040 |
_aLK-CoMWRAF _dLK-CoMWRAF _eLK-CoMWRAF |
||
| 041 | _aeng | ||
| 082 |
_a324.6 _bUNI |
||
| 245 |
_aUniversal Franchise 1931-1981: _bThe Sri Lankan Experience |
||
| 260 |
_aColombo: _bDepartment Of Information, _c1981 |
||
| 300 |
_a254 p. : ill., maps ; 30 cm. _bBibliography and index included |
||
| 650 | _aSUFFRAGE-SRI LANKA | ||
| 700 |
_aDe Silva, K.M. _eed. |
||
| 942 | _cBK | ||
| 999 |
_c579 _d579 |
||